000 00422nam a2200145Ia 4500
008 100204s9999 xx 000 0 und d
082 _b8954
100 _aजोशी मीना
245 _aसंघर्ष
260 _b"गृहलक्ष्मी प्रकाशन, मुंबई 4"
_c1982
300 _a167
630 _aसंघर्ष
730 _aसंघर्ष
942 _cBOOK
999 _c453390
_d453387